Регионална библиотека "Любен Каравелов" - Русе

От Олимп до Тибет (Запис номер 392508)

MARC детайли
000 -Лидер
Контролно поле с фиксирана дължина 01162nam a22003257a 4500
003 - Код на организацията, давaща контролен номер
Контролно поле BLK
005 - Дата и час на последна редакция
Контролно поле 20250729103633.0
008 - Елементи от данни с фиксирана дължина
fixed length control field 201218b bu ||||| |||| 00| 0 bu d
020 ## - Международен стандартен номер на книга ISBN
Международен стандартен номер на книга ISBN 9786192500061
040 ## - Източник на каталожния запис
Идентификатор на билиотеката - собственик на записа BLK
041 ## - Код за език
Код за езика на текст/звукозапис или на отделно заглавие Български
Код за езика КДБФ Български
080 ## - УДК
Текстов определител УДК Българска литература
УДК код - определител по УДК 821.163.2
УДК - код + определител -9
УДК определител 821.163.2-9
100 ## - Редна дума - Автор
Автор Идакиев, Симеон Кирилов
Авторска отговорност първи автор
R(LIN) 1299
139 ## - Редно поле
Редна дума Идакиев, Симеон Кирилов
Авторски знак Ид - И 31
245 ## - Сведения за заглавието
Заглавие От Олимп до Тибет
Подзаглавни данни Вдъхновението "Атлас"
Редно поле (дума) Симеон Идакиев
257 ## - Страна на издаване
Страна на създаване/издаване България
260 ## - Област на издателските данни
Място на издаване, разпространение и проч. София
Име на издателя, разпространителя и проч. Вакон
Година на издаване 2020
9 (RLIN) 214255
Издателство - префикс ISBN 978-619-7300- ; 978-954-9535- ; 978-954-91843-
300 ## - Физическа характеристика
Страници 320 с.
Илюстрации и др. с цв. ил
Размери/Мащаб 21 см
380 ## - Жанр
Жанр География
501 ## - Забележка „подвързано към”
Забележка: Подвързано към... Вкл. 27 пътеписа
650 #7 - Допълнително описание по предмет – тема
9 (RLIN) 168580
Основно описание – тема или топоним Пътеписи
651 #7 - Допълнително описание по предмет - топоним
9 (RLIN) 178797
Географско понятие Гърция
651 #7 - Допълнително описание по предмет - топоним
9 (RLIN) 178558
Географско понятие Африка
651 #7 - Допълнително описание по предмет - топоним
9 (RLIN) 179656
Географско понятие Тибет
651 #7 - Допълнително описание по предмет - топоним
9 (RLIN) 178514
Географско понятие Азия
852 ## - Местоположение
Фондова буква Заемна - подръчен фонд
Систематично-азбучна сигнатура 821.163.2-9/И 31 С
999 ## - СИСТЕМНИ КОНТРОЛНИ НОМЕРА
Koha biblionumber 392508
Koha biblioitemnumber 392508
942 ## - АРТИКУЛИ
Вид на библиотечния материал Книги
Скрит в OPAC Не
Периодичен библиозапис Да
Koha issues (borrowed), all copies 38
944 ## - СЪЗДАВАНЕ И РЕДАКЦИЯ на ЗАПИСА
Създаване/Редакция Създаване
Дата на регистрацията/редакция 2020-12-18
Служител, извършил регистрацията/редакцията 30576
Статус, дата на статуса Цветомила Тодорова
999 ## - СИСТЕМНИ КОНТРОЛНИ НОМЕРА
Koha biblioitemnumber 392508
Наличности
Код за отписване Код за изгубен артикул Източник на класификационната схема Код за повреда Код за отдаване Артикулен № Име на библиотеката - собственик Име на библиотеката, в която се намира в момента Статус (Текущо местоположение) Дата на вписване в системата Местоположение - отдел Цена в лева Систематично азбучна сигнатура Баркод Цена в евро Служебен тип на артикула Коз за рестрикции
  Не е изгубен Universal Decimal Classification Не е повреден заемане за дома 806024 Регионална библиотека "Любен Каравелов" Русе Регионална библиотека "Любен Каравелов" Русе Заемна - подръчен фонд 2021-01-02 Заемна - подръчен фонд 13.50 821.163.2-9/И 31 С 120000850367 6.90 Книги  
  Не е изгубен Universal Decimal Classification Не е повреден заемане за дома 806025 Регионална библиотека "Любен Каравелов" Русе Регионална библиотека "Любен Каравелов" Русе Заемна - подръчен фонд 2021-01-02 Заемна - подръчен фонд 13.50 821.163.2-9/И 31 С 120000850368 6.90 Книги  
  Не е изгубен Universal Decimal Classification Не е повреден ползва се в читалня 857169 Регионална библиотека "Любен Каравелов" Русе Регионална библиотека "Любен Каравелов" Русе Хранилище 2021-10-12 Хранилище 18.00 Цб 309198 120000860394 9.20 Книги само за читалня
Vip Innovations Ltd, Rousse, Bulgaria 2025